000 00386nam a22001457a 4500
005 20250618133906.0
008 250618b |||||||| |||| 00| 0 eng d
020 _a9780281050505
050 _aBR127
_bNAZ
100 _aNAZIR- ALI MICHAEL
245 _aCITIZENS AND EXILES;
_bCHRISTIAN FAITH IN A PLURAL WORD
260 _aLONDON
_bSPCK
_cc1998
300 _aix, 198p
942 _2lcc
_cBK
_n0
999 _c6563
_d6563